Reciter Pi - Extrême - Statistiques

Statistiques générales
  • Ce quiz a été pris 118 fois
  • Le résultat moyen est 97 sur 101
Statistiques - réponses
Décimales Réponse % Correct
9 | 15 | 17 | +9 others 3
100%
1 | 3 | 37 | +4 others 1
98%
2 | 19 | 23 | +8 others 4
98%
6 | 16 | 21 | +9 others 2
95%
4 | 8 | 10 | +5 others 5
95%
7 | 20 | 22 | +6 others 6
95%
5 | 12 | 14 | +11 others 9
95%
32 | 50 | 54 | +5 others 0
93%
13 | 29 | 39 | +5 others 7
93%
11 | 18 | 26 | +9 others 8
93%
Aucun quiz correspondant
Distribution des résultats
% des personnes avec chaque résultat
Percentile par nombre de réponses
Votre historique - résultats
Vous n’avez pas pris ce quiz